00149nam a2200061Ia 4500008004100000100001700041245002900058170627s9999 xx 000 0 und d aMISHRA -M.N. 0aORGANISATIONAL BEHAVIOUR